Tiếng Việt 2: Sách giáo viên Tập 2:
v.v...
Đã lưu trong:
| Tác giả chính: | |
|---|---|
| Định dạng: | Sách |
| Năm xuất bản: |
H.:
Giáo dục,
2003
|
| Chủ đề: | |
| Tags: |
Thêm thẻ
Không có thẻ, Hãy là người đầu tiên gắn thẻ bản ghi này!
|
| LEADER | 01456nam a2200193 4500 | ||
|---|---|---|---|
| 999 | |c 11577 |d 11577 | ||
| 082 | |a 372.6 |b T306V | ||
| 100 | |a Nguyễn Minh Thuyết chủ biên, Nguyễn Thị Hạnh, Nguyễn Trại,... | ||
| 245 | |a Tiếng Việt 2: |c Nguyễn Minh Thuyết chủ biên, Nguyễn Thị Hạnh, Nguyễn Trại,... |b Sách giáo viên |n Tập 2: | ||
| 260 | |a H.: |b Giáo dục, |c 2003 | ||
| 300 | |a 295tr.; |c 24cm. | ||
| 520 | |a v.v... | ||
| 653 | |a Tiếng Việt - Sách giáo viên | ||
| 942 | |2 ddc |c STK0 | ||
| 952 | |0 0 |1 0 |2 ddc |4 0 |6 372_600000000000000 |7 0 |8 300 |9 98985 |a qbu |b qbu |c D2 |d 2015-11-16 |g 11200 |l 4 |o 372.6 |p 11137.c1 |r 2020-10-14 |s 2020-10-06 |w 2015-11-16 |y STK0 |0 0 |6 495_922076000000000_T306V | ||
| 952 | |0 0 |1 0 |2 ddc |4 0 |6 372_600000000000000 |7 0 |8 300 |9 98986 |a qbu |b qbu |c D2 |d 2015-11-16 |g 11200 |l 26 |m 2 |o 372.6 |p 11137.c2 |r 2019-04-01 |s 2019-03-19 |w 2015-11-16 |y STK0 |0 0 |6 495_922076000000000_T306V | ||
| 952 | |0 0 |1 0 |2 ddc |4 0 |6 372_600000000000000 |7 0 |8 300 |9 98987 |a qbu |b qbu |c D2 |d 2015-11-16 |g 11200 |l 26 |o 372.6 |p 11137.c3 |r 2021-02-01 |s 2021-01-20 |w 2015-11-16 |y STK0 |0 0 |6 495_922076000000000_T306V | ||
| 952 | |0 0 |1 0 |2 ddc |4 0 |6 372_600000000000000 |7 0 |8 300 |9 98988 |a qbu |b qbu |c D2 |d 2015-11-16 |g 11200 |l 27 |m 3 |o 372.6 |p 11137.c4 |r 2020-03-12 |s 2020-03-06 |w 2015-11-16 |y STK0 |0 0 |6 495_922076000000000_T306V | ||
| 952 | |0 0 |1 0 |2 ddc |4 0 |6 372_600000000000000 |7 0 |8 300 |9 98989 |a qbu |b qbu |c D2 |d 2015-11-16 |g 11200 |l 34 |m 2 |o 372.6 |p 11137.c5 |r 2021-03-22 |s 2021-02-23 |w 2015-11-16 |y STK0 |0 0 |6 495_922076000000000_T306V | ||